000 00400nam a2200169Ia 4500
008 230711s9999||||xx |||||||||||||| ||und||
020 _a81-85198-02-0
041 _aENG
082 _a539
_bPO-Q
100 _aPowell John L
245 0 _aQuantum mechanics
250 _a9thEd.
260 _c1998
_aNew Delhi
_bNarosa Publishing House
650 _aPhysics
700 _aCrasemann, Bernd
942 _cBK
999 _c726
_d726